000 00598nam a22002417a 4500
003 UA-OsUOA
001 21877
007 ta
008 20031215b un ||||| |||| 00| 0 ukr d
090 _a001.1
_bП71
942 _cBK
040 _aUA-OsUOA
_brus
_cUA-OsUOA
_dUA-OsUOA
245 _aПредставление и использование знаний
_cРед.Х. М.Исидзука
300 _a220 с.
955 _a0
041 _arus
080 _a001.1
020 _a4-274-07331-9
260 _aМосква
_bМир
_c1989
044 _aRU
650 7 _2UDC
999 _c308087
_d308087